01734nam a2200385 4500003000900000005001700009008004100026020001500067040001800082050002600100100001000126245032400136264005800460264008900518300005200607336002200659337002400681338002400705500002200729650005500751651005000806700003900856700004100895700004700936700003700983700004001020700003601060700004101096700004201137700004101179700005501220700004101275942001501316999001701331MX-MxINE20260530113910.0260421b1992 mx a|||| |||| 00| 0 spa d a9682945119 aICIbspacICI aF1219.1Q47bH57 1992 eautor aHistoria y actualidad de los grupos indígenas de Querétaro cCarlos Viramontes, Ana Ma. Crespo, Juan Carlos Saint-Charles, Alberto Herrera, Beatriz Cervantes,, Jesús Solís, Genoveva Orañanos, Juan José Bárcenas, Ewald Hekking, Severiano Andrés de Jesús, Paula de Santiago ; Carlos Viramontes, (coord.) 1aQuerétaro, Qro.bGobierno del Estado de Querétaro 1bInstituto Nacional de Antropología e Historia, Centro Regional Querétaro,c 1992 a152 páginasb ilustraciones (algunas a color) 2rdacontentatexto 2rdamediaasin medio 2rdacarrieravolumen a"Octubre de 1992" 0a Indios de México z Querétaro (Estado)933291 0a Querétaro (Querétaro) x Historia933292 1a Viramontes, Carloseautor,933293 1a Crespo, Ana María,e autor933294 1a Saint-Charles, Juan Charleseautor933295 1aHerrera, Alberto,e autor933296 1aCervantes, Beatriz, e autor933297 1a Solís, Jesúseautor933298 1aOrvañanos, Genoveva,eautor933299 1aBárcenas, Juan Joséeautor933300 1aHekking, Ewald,d1947e autor933301 1aAndrés de Jesús, Severianod1956eautor933302 1aSantiago, Paulad1969e autor933303 2ddcn0cBK c12103d12103